|
|
|
|
| LEADER |
00000nam0a2200000 4500 |
| 001 |
379374 |
| 005 |
20231206161131.0 |
| 010 |
|
|
|a 978-5-17-077814-0
|
| 035 |
|
|
|a (RuTPU)RU\TPU\retro\36841
|
| 090 |
|
|
|a 379374
|
| 100 |
|
|
|a 20230928d2013 km|y0rusy50 ca
|
| 101 |
1 |
|
|a rus
|c eng
|
| 102 |
|
|
|a RU
|
| 105 |
|
|
|a y z 001yb
|
| 181 |
|
0 |
|a i
|b e
|
| 182 |
|
0 |
|a n
|
| 183 |
|
0 |
|a nc
|2 RDAcarrier
|
| 200 |
1 |
|
|a Ньютон и фальшивомонетчик. О том, как величайший ученый стал сыщиком
|d Newton and the counterfeiter. The Unknown Detective Career of the World's Greatest Scientist
|f Томас Левенсон
|g пер. с англ. К. Бандуровского
|
| 203 |
|
|
|a Текст
|b визуальный
|c непосредственный
|
| 210 |
|
|
|a Москва
|c АСТ
|c CORPUS
|d 2013
|
| 215 |
|
|
|a 416 с.
|
| 283 |
|
|
|a volume
|2 RDAcarrier
|
| 320 |
|
|
|a Библиография: с. 378-390
|
| 320 |
|
|
|a Предметно-именной указатель: с. 391-414
|
| 330 |
|
|
|a Имя Исаака Ньютона, величайшего ученого, открывшего закон всемирного тяготения, знает любой ребенок. Но не всем известно, что математик и астроном, философ и алхимик Ньютон в эпоху жесточайшего финансового кризиса в Англии 1690-х фактически возглавил Королевский монетный двор. Борясь с фальшивомонетчиками, он вступил в схватку с самым авторитетным мошенником Лондона, Уильямом Чалонером, и был готов на все, чтобы выследить его и отправить на виселицу. В книге "Ньютон и фальшивомонетчик" американский историк, научный журналист и создатель научно-популярных фильмов Томас Левенсон открывает широкому читателю нового Ньютона. Портрет гения, чья судьба неразрывно связана не только с историей науки, но и с английской Славной революцией, Большой перечеканкой и становлением современной финансовой системы, лишь отдаленно напоминает тот, что знаком нам из учебника физики.
|
| 510 |
|
|
|a Newton and the counterfeiter. The Unknown Detective Career of the World's Greatest Scientist
|z eng
|
| 600 |
|
1 |
|a Ньютон
|b И.
|c английский математик
|c механик
|c астроном
|c физик
|f 1642-1726
|g Исаак
|9 170
|
| 606 |
1 |
|
|a Великобритания
|x История
|z 16 в.-1918
|9 83352
|
| 606 |
1 |
|
|a Великобритания
|x Деньги
|9 57515
|
| 610 |
1 |
|
|a Англия
|
| 610 |
1 |
|
|a 17 век
|
| 610 |
1 |
|
|a фальшивомонетчики
|
| 610 |
1 |
|
|a мошеники
|
| 610 |
1 |
|
|a финансы
|
| 610 |
1 |
|
|a Монетный двор
|
| 610 |
1 |
|
|a биографии
|
| 610 |
1 |
|
|a персоналии
|
| 610 |
1 |
|
|a общественные деятели
|
| 686 |
|
|
|2 rubbk
|a Т3(4Вел)5
|
| 686 |
|
|
|2 rubbk
|a У9(4Вл)
|
| 700 |
|
1 |
|a Левенсон
|b Т.
|g Томас
|
| 702 |
|
1 |
|4 730
|a Бандуровский
|b К.
|g Константин
|
| 801 |
|
1 |
|a RU
|b 63413507
|c 20230928
|
| 942 |
|
|
|c BK
|